_Amani Mashinani Peace at the Grassroots/ Cornelius korir (Record no. 14942)
[ view plain ]
| 000 -LEADER | |
|---|---|
| fixed length control field | 00497nam a2200145Ia 4500 |
| 008 - FIXED-LENGTH DATA ELEMENTS--GENERAL INFORMATION | |
| fixed length control field | 151021s9999 xx 000 0 und d |
| 050 ## - LIBRARY OF CONGRESS CALL NUMBER | |
| Classification number | HN 793.K54 2009 |
| 245 ## - TITLE STATEMENT | |
| Title | _Amani Mashinani Peace at the Grassroots/ Cornelius korir |
| 260 ## - PUBLICATION, DISTRIBUTION, ETC. (IMPRINT) | |
| Place of publication, distribution, etc. | Eldoret : Catholic Diocese of Eldoret, 2009 |
| 300 ## - PHYSICAL DESCRIPTION | |
| Extent | ii,71p. |
| 500 ## - GENERAL NOTE | |
| General note | Includes index |
| 500 ## - GENERAL NOTE | |
| General note | Includes index |
| 650 ## - SUBJECT ADDED ENTRY--TOPICAL TERM | |
| Topical term or geographic name as entry element | _Peace Building and conflict resolution in north rift region of Kenya |
| 980 ## - EQUIVALENCE OR CROSS-REFERENCE-SERIES STATEMENT--PERSONAL NAME/TITLE [LOCAL, CANADA] | |
| Personal name | ^d20140807 11:49:23^omwanik |
No items available.